Normal view
MARC view
- الأبحاث - أساليب البحث
Entry Topical Term
001 - CONTROL NUMBER
- control field: 57752
003 - CONTROL NUMBER IDENTIFIER
- control field: JO-AjAnu
005 - DATE AND TIME OF LATEST TRANSACTION
- control field: 20230606083444.0
008 - FIXED-LENGTH DATA ELEMENTS
- fixed length control field: 230606|| aca||aabn | a|a d
040 ## - CATALOGING SOURCE
- Original cataloging agency: JO-AjAnu
- Transcribing agency: JO-AjAnu
150 ## - HEADING--TOPICAL TERM
- Topical term or geographic name entry element: الأبحاث - أساليب البحث
670 ## - SOURCE DATA FOUND
- Source citation: Work cat.: (JO-AjAnu)29466: الخولي، محمد علي, author 57751, كيف تكتب بحثا